Rich dad poor dad: (Record no. 617441)

000 -LEADER
fixed length control field 00493nam a22001577a 4500
020 ## - INTERNATIONAL STANDARD BOOK NUMBER
International Standard Book Number 9781612680002
040 ## - CATALOGING SOURCE
Transcribing agency NUST
082 ## - DEWEY DECIMAL CLASSIFICATION NUMBER
Classification number 322.024,KIY
100 ## - MAIN ENTRY--PERSONAL NAME
Personal name Kiyosaki, Robert T.
9 (RLIN) 134447
245 ## - TITLE STATEMENT
Title Rich dad poor dad:
Remainder of title what the rich teach their kids about money that the poor and middle class do not /
260 ## - PUBLICATION, DISTRIBUTION, ETC.
Place of publication, distribution, etc. US
Name of publisher, distributor, etc. First Plata
Date of publication, distribution, etc. 2011
300 ## - PHYSICAL DESCRIPTION
Extent 183 p.;
650 ## - SUBJECT ADDED ENTRY--TOPICAL TERM
Topical term or geographic name entry element struggled financially
9 (RLIN) 134448
651 ## - SUBJECT ADDED ENTRY--GEOGRAPHIC NAME
Geographic name financial independence
9 (RLIN) 134449
942 ## - ADDED ENTRY ELEMENTS (KOHA)
Source of classification or shelving scheme
Koha item type Book
Call number prefix 322.024,KIY
Holdings
Withdrawn status Lost status Source of classification or shelving scheme Damaged status Not for loan Permanent Location Current Location Shelving location Date acquired Total Checkouts Full call number Barcode Date last seen Price effective from Koha item type
          Military College of Signals (MCS) Military College of Signals (MCS) General Stacks 05/13/2026   322.024,KIY MCS39008 05/13/2026 05/13/2026 Book
© 2023 Central Library, National University of Sciences and Technology. All Rights Reserved.